Tron Franchise - Statistics

General Stats
  • This quiz has been taken 71 times
  • The average score is 7 of 23
Answer Stats
Type Year Name Info % Correct
Film 2010 Tron: Legacy Disney
100%
Film 1982 Tron Disney
98%
Video Game 1982 Tron Bally Midway
98%
Novel 1982 Tron Brian Daley
98%
TV Show 2012-2013 Tron: Uprising Disney XD
57%
Video Game 2003 Tron 2.0 Buena Vista Interactive
41%
Video Game 2010 Tron: Evolution Propaganda Games
41%
Video Game 2010 Tron Evolution: Battle Grids n-Space
24%
Comic Book 2010 Tron: Betrayal Jai Nitz
22%
Comic Book 2006-2008 Tron: The Ghost in the Machine Landry Walker / Eric Jones
20%
Video Game 2016 Tron RUN/r Sanzaru Games
16%
Video Game 2009 Space Paranoids 42 Entertainment
8%
Video Game 1983 Tron: Deadly Discs Mattel
8%
Theme Park Attraction 2016-Present Tron Lightcycle Power Run Shanghai Disneyland
8%
Novel 2010 Tron: Legacy: Derezzed James Gelsey
6%
Video Game 1983 Discs of Tron Bally Midway
4%
Non-Fiction Book 2010 The Art of Tron: Legacy Justin Springer
4%
Non-Fiction Book 2011 The Making of Tron: How Tron Changed Visual Effects and Disney Forever William Kallay
4%
Novel 2010 Tron: Legacy: It's Your Call: Initiate Sequence Carla Jablonski
4%
Novel 2010 Tron: Legacy: Out of the Dark Tennant Redbank
4%
Video Game 1982 Tron: Solar Sailer Mattel
4%
Novel 2010 Tron the Junior Novel Alice Alfonsi
2%
Book 2010 Tron: The Movie Storybook James Ponti
0%
No matching quizzes found
Score Distribution
Percent of People with Each Score
Percentile by Number Answered
Your Score History
You have not taken this quiz